| 000 | 00393nam a2200169Ia 4500 | ||
|---|---|---|---|
| 005 | 20250423095729.0 | ||
| 008 | 250422s9999 xx 000 0 und d | ||
| 020 | _a0- 7357- 1136- 4 | ||
| 050 | _aQA 76.73.X58 .H65/ | ||
| 100 | _aSteven Holzner | ||
| 245 | 0 | _aInside XSLT | |
| 260 | _aIndianapolis | ||
| 260 | _bNew Riders Publishing | ||
| 260 | _c2002 | ||
| 300 | _a616 p | ||
| 942 | _cBK | ||
| 999 |
_c31159 _d31159 |
||